| 000 | 00360 a2200133 4500 | ||
|---|---|---|---|
| 000 | nam a22 7a 4500 | ||
| 100 | _aRay, Ratnalekha | ||
| 110 | _aRay, Ratnalekha | ||
| 245 | _aChange in Bengal Agrarian Society c. 1760-1850 | ||
| 250 | _aLatest edition | ||
| 260 |
_bManohar Publication _c2025 |
||
| 264 |
_bManohar Publication _c2025 |
||
| 942 | _cBK | ||
| 999 |
_c394747 _d394747 |
||